Вып. 17; Нефтепереработка и нефтехимия

Bibliografiske detaljer
Parent link:Нефтепереработка и нефтехимия: республиканский межведомственный сборник научных трудов/ Академия наук Украинской ССР (АН УССР). Вып. 17.— , 1965-1991.— 0548-1406
Sprog:russisk
Udgivet: 1979
Fag:
Format: MixedMaterials Bog
KOHA link:https://koha.lib.tpu.ru/cgi-bin/koha/opac-detail.pl?biblionumber=294223

MARC

LEADER 00000nam2a2200000 4500
001 294223
005 20231102000656.0
020 |a RU  |b 82-65079ж 
035 |a (RuTPU)RU\TPU\book\319278 
035 |a RU\TPU\book\319276 
090 |a 294223 
100 |a 20150512c1979 k y0rusy5003 ca 
101 0 |a rus 
102 |a UA 
105 |a a z 001zy 
200 0 |a Вып. 17 
210 |d 1979 
215 |a 114 с.  |c ил. 
320 |a Библиогр. в конце ст. 
461 1 |0 (RuTPU)RU\TPU\book\149550  |x 0548-1406  |t Нефтепереработка и нефтехимия  |o республиканский межведомственный сборник научных трудов  |f Академия наук Украинской ССР (АН УССР)  |v Вып. 17  |d 1965-1991 
606 1 |a Нефтепереработка  |2 stltpush  |3 (RuTPU)RU\TPU\subj\72833  |9 86220 
606 1 |a Нефть  |x Химия  |2 stltpush  |3 (RuTPU)RU\TPU\subj\33709 
610 1 |a смазочные материалы 
610 1 |a пластичные смазки 
610 1 |a смазочные масла 
610 1 |a смазочно-охлаждающие жидкости 
610 1 |a присадки 
610 1 |a нефтехимическое сырье 
610 1 |a производство 
610 1 |a экономика 
610 1 |a химмотология 
675 |a 665.6  |v 3 
675 |a 665.63  |v 3 
801 0 |a RU  |b RuMRKP  |c 19950704  |g psbo 
801 1 |a RU  |b 63413507  |c 20150512 
801 2 |a RU  |b 63413507  |c 20180507  |g RCR 
942 |c BK